[Event "AUTO-MASTER-1887"]
[Site "http://www.queenalice.com/game.php?id=1243777"]
[Date "2013.12.29"]
[Round "2"]
[White "Flashinho"]
[Black "Andrez"]
[Result "0-1"]
[WhiteElo "2278"]
[BlackElo "2077"]

1. d4 f5 2. g3 Nf6 3. Bg2 e6 4. Nf3 Be7 5. Bg5 O-O 6. O-O Qe8 7. c4 h6 8. Bf4 d6
9. Nc3 Nbd7 10. c5 g5 11. cxd6 Bxd6 12. Bxd6 cxd6 13. d5 e5 14. Nb5 Qe7 15. Rc1
Nb6 16. Nc7 Rb8 17. e3 a6 18. Qb3 Nbd7 19. Ne6 Rf7 20. Nd2 Nc5 21. Nxc5 dxc5 22.
Qb6 e4 23. Qxc5 Qxc5 24. Rxc5 b6 25. Rc6 Kg7 26. d6 Bd7 27. Rc3 Nd5 28. Ra3 Kf6
29. g4 a5 0-1

[Event "AUTO-MASTER-2099"]
[Site "http://www.queenalice.com/game.php?id=1286525"]
[Date "2014.6.7"]
[Round "1"]
[White "Flashinho"]
[Black "jova21"]
[Result "1-0"]
[WhiteElo "2260"]
[BlackElo "1816"]

1. d4 d6 2. c4 g6 3. Nc3 Bg7 4. Nf3 Nf6 5. e4 O-O 6. Be2 Re8 7. O-O Nbd7 8. e5
dxe5 9. dxe5 Ng4 10. e6 Ndf6 11. exf7+ Kxf7 12. h3 Qxd1 13. Rxd1 Nh6 14. Nb5 Rb8
15. Nxc7 Rf8 16. Be3 b6 17. c5 Nf5 18. Bc4+ e6 19. Ne5+ Kg8 20. Nxe6 Nxe3 21.
fxe3 Bxe6 22. Bxe6+ Kh8 23. c6 Ne8 24. Nf7+ Rxf7 25. Bxf7 Nf6 26. c7 1-0

[Event "AUTO-MASTER-2099"]
[Site "http://www.queenalice.com/game.php?id=1286526"]
[Date "2014.6.7"]
[Round "1"]
[White "jova21"]
[Black "Flashinho"]
[Result "0-1"]
[WhiteElo "1818"]
[BlackElo "2259"]

1. e4 e5 2. Nf3 Nc6 3. d4 exd4 4. Nxd4 Nf6 5. Bc4 Nxe4 6. O-O d5 7. Nxc6 bxc6 8.
Re1 Bc5 9. Be3 O-O 10. Bxc5 Nxc5 11. Bf1 Be6 12. Nc3 Qf6 13. Bd3 Rab8 14. Qd2
Rxb2 15. Ne2 Nxd3 16. Qxd3 c5 17. Nc3 c4 18. Qd2 d4 19. Ne4 Qd8 20. Nc5 d3 21.
Nxe6 fxe6 22. Rec1 Qd4 23. Qe3 Qxe3 24. fxe3 d2 25. Rd1 Rxc2 26. h3 Rb2 27. a4
c3 0-1

[Event "AUTO-MASTER-2099"]
[Site "http://www.queenalice.com/game.php?id=1286527"]
[Date "2014.6.7"]
[Round "1"]
[White "Flashinho"]
[Black "Jackzapo"]
[Result "1-0"]
[WhiteElo "2234"]
[BlackElo "2081"]

1. d4 Nf6 2. c4 e6 3. Nc3 d5 4. Bg5 Be7 5. e3 c5 6. dxc5 Bxc5 7. cxd5 exd5 8.
Bxf6 Qxf6 9. Nxd5 Qd6 10. Qa4+ Qc6 11. Bb5 1-0

[Event "AUTO-MASTER-2099"]
[Site "http://www.queenalice.com/game.php?id=1286528"]
[Date "2014.6.7"]
[Round "1"]
[White "Jackzapo"]
[Black "Flashinho"]
[Result "0-1"]
[WhiteElo "2064"]
[BlackElo "2247"]

1. d4 d5 2. c4 dxc4 3. Nc3 a6 4. a4 Nc6 5. Nf3 Nf6 6. Bg5 h6 7. Bh4 g5 8. Bg3
Bf5 9. Rc1 e6 10. e3 Nd5 11. Bxc4 Nxc3 12. bxc3 Ba3 13. Ra1 Bb2 14. Ra2 Bxc3+
15. Nd2 Nb4 16. O-O Nxa2 17. Bxa2 O-O 18. Nc4 b5 19. Ne5 c5 20. Qb3 cxd4 21.
exd4 Qxd4 22. Rd1 bxa4 0-1

[Event "AUTO-MASTER-2099"]
[Site "http://www.queenalice.com/game.php?id=1286529"]
[Date "2014.6.7"]
[Round "1"]
[White "Flashinho"]
[Black "sia"]
[Result "1-0"]
[WhiteElo "2254"]
[BlackElo "2018"]

1. e4 e6 2. Nc3 Bb4 3. Nf3 d6 4. a3 Bxc3 5. dxc3 Ne7 6. Bc4 O-O 7. O-O Nbc6 8.
Nd4 a6 9. Qh5 d5 10. exd5 exd5 11. Nxc6 bxc6 12. Bd3 g6 13. Qe2 Nf5 14. Re1 Qh4
15. Qe5 Ra7 16. g3 Qh3 17. Bf1 Qg4 18. h3 Qa4 19. Qf6 h5 20. Bd3 Kh7 21. Re8 Kg8
22. Rxf8+ Kxf8 23. Qh8+ Ke7 24. Bg5+ Kd7 25. Qd8+ Ke6 26. Re1+ Qe4 27. Bxe4 Bd7
28. Qf6# 1-0

[Event "AUTO-MASTER-2099"]
[Site "http://www.queenalice.com/game.php?id=1286530"]
[Date "2014.6.7"]
[Round "1"]
[White "sia"]
[Black "Flashinho"]
[Result "0-1"]
[WhiteElo "2027"]
[BlackElo "2241"]

1. b3 e5 2. Bb2 Nc6 3. g3 f5 4. Bg2 d5 5. d3 Nf6 6. Nf3 e4 7. Nd4 Nxd4 8. Bxd4
c5 9. Bxf6 Qxf6 10. Nc3 Qxc3+ 11. Kf1 Be7 12. e3 O-O 13. Ke2 Be6 14. Qd2 Qe5 15.
dxe4 fxe4 16. f4 exf3+ 17. Bxf3 Bg5 18. c3 Rxf3 19. Kxf3 Qe4+ 20. Ke2 Bg4+ 21.
Kf2 Rf8+ 22. Kg1 Bxe3+ 23. Qxe3 Qxe3+ 24. Kg2 Qf2# 0-1

[Event "AUTO-ELITE-1378"]
[Site "http://www.queenalice.com/game.php?id=1303528"]
[Date "2014.8.23"]
[Round "1"]
[White "Flashinho"]
[Black "Donidon"]
[Result "0-1"]
[WhiteElo "2261"]
[BlackElo "2519"]

1. d4 Nf6 2. c4 c5 3. d5 e6 4. Nc3 exd5 5. cxd5 d6 6. e4 g6 7. Bd3 Bg7 8. Nge2
O-O 9. O-O a6 10. a4 b6 11. h3 Nbd7 12. Bf4 Qe7 13. Qc1 Ne5 14. Bc2 Nh5 15. Bh6
Bxh6 16. Qxh6 f5 17. exf5 Bxf5 18. Bxf5 Rxf5 19. Qe3 Rf7 20. Rae1 Raf8 21. Ng3
Nf4 22. Nce2 Nfd3 23. Rb1 Nxf2 24. Kh2 Neg4+ 0-1

[Event "AUTO-ELITE-1378"]
[Site "http://www.queenalice.com/game.php?id=1303529"]
[Date "2014.8.23"]
[Round "1"]
[White "Donidon"]
[Black "Flashinho"]
[Result "1-0"]
[WhiteElo "2497"]
[BlackElo "2257"]

1. e4 e5 2. f4 exf4 3. Nf3 Be7 4. Bc4 Bh4+ 5. Kf1 d5 6. Bxd5 Nf6 7. Bb3 Bg4 8.
d3 O-O 9. Qd2 Nh5 10. Nxh4 Qxh4 11. Kg1 f3 12. h3 Ng3 13. Qf2 Ne2+ 14. Kf1 Ng3+
15. Ke1 fxg2 16. Rg1 Bxh3 17. Bf4 Nf5 18. Nc3 Qxf2+ 19. Kxf2 Nd4 20. Bxc7 Nxb3
21. axb3 g5 22. Kg3 g4 23. Nd5 Nd7 24. Bd6 Rfd8 25. Bb4 Ne5 26. Nf4 Nf3 27. Nxh3
Nxg1 28. Nxg1 b5 29. Kxg4 Rac8 30. Ba5 Rd7 31. Rc1 Rxd3 32. Bc3 Rd6 33. Kh3 Rg6
34. Bd4 a6 35. Ne2 h5 36. c3 Kh7 37. Nf4 Rg5 38. Rg1 Re8 39. e5 Reg8 40. Nd5
R8g6 41. Nf6+ Kg7 42. e6 1-0

[Event "AUTO-ELITE-1421"]
[Site "http://www.queenalice.com/game.php?id=1326823"]
[Date "2014.12.8"]
[Round "1"]
[White "rsgaspar"]
[Black "Flashinho"]
[Result "1-0"]
[WhiteElo "2426"]
[BlackElo "2289"]

1. e4 e5 2. Nf3 Nc6 3. Bb5 d6 4. d4 exd4 5. O-O Bg4 6. Qxd4 Bxf3 7. gxf3 Qf6 8.
Qxf6 Nxf6 9. Nc3 a6 10. Ba4 b5 11. Bb3 Nd4 12. Kg2 Be7 13. Rd1 c5 14. Be3 Ne6
15. a4 c4 16. Ba2 Rb8 17. axb5 axb5 18. b3 b4 19. Ne2 c3 20. Bb1 O-O 21. Nd4
Nxd4 22. Rxd4 Ra8 23. Ra4 Rxa4 24. bxa4 Rb8 25. a5 Ne8 26. Ba2 Rb5 27. Rd5 Rxd5
28. Bxd5 Nc7 29. Bc4 Kf8 30. a6 b3 31. cxb3 d5 32. exd5 c2 33. a7 Bc5 34. Bxc5+
Ke8 35. Ba3 1-0

[Event "AUTO-ELITE-1421"]
[Site "http://www.queenalice.com/game.php?id=1326824"]
[Date "2014.12.8"]
[Round "1"]
[White "Flashinho"]
[Black "rsgaspar"]
[Result "0-1"]
[WhiteElo "2297"]
[BlackElo "2420"]

1. d4 d5 2. c4 e6 3. Nc3 c6 4. cxd5 cxd5 5. Nf3 Nf6 6. Bf4 Nc6 7. e3 Be7 8. Bd3
Nh5 9. Be5 O-O 10. g4 f6 11. Bg3 Nxg3 12. hxg3 g6 13. Qe2 Nb4 14. Bb5 e5 15. Nh4
Be6 16. O-O Rc8 17. Rfc1 Nc6 18. Bxc6 bxc6 19. f3 Qd7 20. Qf2 c5 21. dxc5 Bxc5
22. Qe2 d4 23. Ne4 Bb6 24. Rxc8 Qxc8 25. Ng2 f5 26. gxf5 gxf5 27. Ng5 Bc4 28.
Qc2 Bxa2 29. Qxc8 Rxc8 30. Rxa2 d3 31. Ra1 d2 0-1

[Event "AUTO-ELITE-1421"]
[Site "http://www.queenalice.com/game.php?id=1326829"]
[Date "2014.12.8"]
[Round "1"]
[White "Flashinho"]
[Black "Adrianovlg"]
[Result "1-0"]
[WhiteElo "2267"]
[BlackElo "2269"]

1. d4 Nf6 2. c4 g6 3. Nc3 Bg7 4. e4 d6 5. Be2 O-O 6. Nf3 Nbd7 7. O-O e5 8. Re1
exd4 9. Nxd4 Re8 10. Bf1 Nc5 11. f3 c6 12. Be3 a5 13. Qd2 Ne6 14. Nxe6 Bxe6 15.
Rad1 1-0

[Event "AUTO-ELITE-1421"]
[Site "http://www.queenalice.com/game.php?id=1326830"]
[Date "2014.12.8"]
[Round "1"]
[White "Adrianovlg"]
[Black "Flashinho"]
[Result "0-1"]
[WhiteElo "2282"]
[BlackElo "2254"]

1. e4 e5 2. Nf3 Nc6 3. d4 exd4 4. Nxd4 Bc5 5. Be3 Qf6 6. c3 Nge7 7. Bc4 O-O 8.
O-O Bb6 9. Nc2 d6 10. Bxb6 axb6 11. Nd2 Be6 12. Be2 Rxa2 13. Rxa2 Bxa2 14. Ne3
Be6 15. f4 Ra8 0-1

[Event "AUTO-MASTER-2099"]
[Site "http://www.queenalice.com/game.php?id=1329476"]
[Date "2014.12.20"]
[Round "2"]
[White "Flashinho"]
[Black "leduar"]
[Result "1-0"]
[WhiteElo "2279"]
[BlackElo "2144"]

1. d4 d5 2. c4 e6 3. Nc3 Nf6 4. Bg5 Nbd7 5. e3 a6 6. cxd5 h6 7. dxe6 fxe6 8. Bf4
Bd6 9. Bd3 Nf8 10. Bxd6 Qxd6 11. Nf3 N8d7 12. Bg6+ Kd8 13. Ne5 Ke7 14. Nf7 Qb4
15. Nxh8 c5 16. dxc5 Nxc5 17. Nf7 Qxb2 18. Qd8# 1-0

[Event "AUTO-MASTER-2099"]
[Site "http://www.queenalice.com/game.php?id=1329477"]
[Date "2014.12.20"]
[Round "2"]
[White "leduar"]
[Black "Flashinho"]
[Result "0-1"]
[WhiteElo "2130"]
[BlackElo "2290"]

1. e4 e5 2. Nf3 Nc6 3. Bb5 a6 4. Ba4 b5 5. Bb3 Bc5 6. O-O d6 7. c3 Bg4 8. Bd5
Qd7 9. Bxc6 Qxc6 10. Nxe5 Bxd1 11. Nxc6 Be2 12. Re1 Bd3 13. e5 Kd7 14. Na5 Re8
15. b4 Bb6 16. Re3 Bxe3 17. dxe3 Rxe5 18. Nd2 Nf6 19. Nf3 Rd5 20. Bb2 Be4 21.
Nd4 c5 22. bxc5 dxc5 23. Ne2 Rd2 24. Ba3 Rxe2 25. f3 Bd5 26. Rd1 Rxa2 27. Bxc5
Rxa5 28. e4 Kc6 29. Bb4 Ra2 30. exd5+ Nxd5 31. g3 Nxb4 32. cxb4 Re8 33. Rc1+ Kb6
34. h3 Re3 35. f4 Rxg3+ 36. Kf1 Rxh3 37. Kg1 h5 38. f5 Rb3 39. f6 gxf6 0-1

[Event "AUTO-ELITE-1516"]
[Site "http://www.queenalice.com/game.php?id=1367607"]
[Date "2015.6.25"]
[Round "1"]
[White "Flashinho"]
[Black "FabioDavid"]
[Result "0-1"]
[WhiteElo "2290"]
[BlackElo "2444"]

1. d4 d5 2. c4 e6 3. Nc3 Be7 4. Nf3 Nf6 5. Bg5 O-O 6. e3 h6 7. Bh4 Ne4 8. Bxe7
Qxe7 9. Qc2 Nxc3 10. Qxc3 dxc4 11. Bxc4 b6 12. O-O Bb7 13. Be2 Rc8 14. b4 Nd7
15. a3 c5 16. dxc5 bxc5 0-1

[Event "AUTO-ELITE-1516"]
[Site "http://www.queenalice.com/game.php?id=1367608"]
[Date "2015.6.25"]
[Round "1"]
[White "FabioDavid"]
[Black "Flashinho"]
[Result "1-0"]
[WhiteElo "2439"]
[BlackElo "2298"]

1. b3 e5 2. Bb2 Nc6 3. e3 d5 4. Bb5 Bd6 5. f4 f6 6. fxe5 fxe5 7. Nf3 Qe7 8. c4
e4 9. cxd5 a6 10. dxc6 axb5 11. O-O bxc6 12. Ne5 Nf6 13. Nxc6 Qf7 14. Bxf6 gxf6
15. Nc3 Bb7 16. Nd4 1-0